Advertising-Sales Promotion and Distribution/ (Record no. 197433)
[ view plain ]
| 000 -LEADER | |
|---|---|
| fixed length control field | 00582nam a22001817a 4500 |
| 005 - DATE AND TIME OF LATEST TRANSACTION | |
| control field | 20231122150508.0 |
| 010 ## - LCCN (DPL NO) | |
| LC control number | ENG-137869 |
| 020 ## - INTERNATIONAL STANDARD BOOK NUMBER | |
| International Standard Book Number | 9788190889230 |
| Terms of availability | 175.00 |
| 035 ## - SYSTEM CONTROL NUMBER | |
| System control number | EN-121399 |
| 037 ## - SOURCE OF ACQUISITION | |
| Source of stock number/acquisition | DBAD/PUB |
| 082 ## - DEWEY DECIMAL CLASSIFICATION NUMBER | |
| Classification number | 659.1 |
| 100 ## - MAIN ENTRY--PERSONAL NAME | |
| Personal name | Jampala, Rajesh C. |
| 245 ## - TITLE STATEMENT | |
| Title | Advertising-Sales Promotion and Distribution/ |
| Statement of responsibility, etc | By Rajesh C.Jampala and P. AdiLakshmi |
| 260 ## - PUBLICATION, DISTRIBUTION, ETC. (IMPRINT) | |
| Place of publication, distribution, etc | Machilipatnam |
| Name of publisher, distributor, etc | Duvvuri Publications |
| Date of publication, distribution, etc | 2009 |
| 270 ## - ADDRESS | |
| Address | M.I.G.-143, A.P.H.B. Colony |
| City | Machilipatnam |
| Postal code | 521001 |
| 300 ## - PHYSICAL DESCRIPTION | |
| Extent | 325p. |
| Dimensions | 24cm(pbk) |
| 942 ## - ADDED ENTRY ELEMENTS (KOHA) | |
| Source of classification or shelving scheme | Dewey Decimal Classification |
| Item type | English Books |
| Classification part | 659.1 |
| Call number suffix | JAM |
| Withdrawn status | Lost status | Not for loan | Collection code | Home library | Current library | Date acquired | Source of acquisition | Cost, normal purchase price | Full call number | Barcode | Copy number | Cost, replacement price | Koha item type |
|---|---|---|---|---|---|---|---|---|---|---|---|---|---|
| Not For Loan | Non-fiction | Bawana | Bawana | 23/08/2023 | DBAD/PUB | 175.00 | 659.1 JAM | EN-121399 | 1 | 175.00 | English Books |
